Match Chemical Formula to Compound - Statistics

General Stats
  • This quiz has been taken 82 times
  • The average score is 13 of 15
Answer Stats
Hint Answer % Correct
Carbon Dioxide CO₂
100%
Copper Oxide CuO
96%
Water H₂O
94%
Magnesium Chloride MgCl₂
93%
Phosphoric Acid H₃PO₄
92%
Sulfuric Acid H₂SO₄
90%
Potassium Carbonate K₂CO₃
90%
Sodium Chloride NaCl
90%
Phosphorus Trichloride PCl₃
90%
Sodium Bicarbonate NaHCO₃
89%
Ammonia NH₃
86%
Ethylenediaminetetraacetic Acid C₁₀H₁₆N₂O₈
82%
Ethanol C₂H₅OH
78%
Nitric Acid HNO₃
75%
Butane C₄H₁₀
64%
No matching quizzes found
Score Distribution
Percent of People with Each Score
Percentile by Number Answered
Your Score History
You have not taken this quiz